The future of post-human geology (Record no. 249056)
[ view plain ]
| 000 -LEADER | |
|---|---|
| fixed length control field | 01144nam a2200289Ia 4500 |
| 100 1# - MAIN ENTRY--AUTHOR NAME | |
| Personal name | Baofu, Peter. |
| 245 14 - TITLE STATEMENT | |
| Title | The future of post-human geology |
| 260 ## - PUBLICATION, DISTRIBUTION, ETC. (IMPRINT) | |
| Place of publication | Cambridge, UK : |
| Name of publisher | Cambridge International Science Pub., |
| Year of publication | 2010. |
| 300 ## - PHYSICAL DESCRIPTION | |
| Number of Pages | xxi, 456 p. |
| 650 #0 - SUBJECT ADDED ENTRY--TOPICAL TERM | |
| Topical Term | Statics. |
| Topical Term | Dynamics. |
| 856 40 - ELECTRONIC LOCATION AND ACCESS | |
| Uniform Resource Identifier | http://site.ebrary.com/lib/rucke/Doc?id=10451054 |
No items available.
